Challenges and opportunities. Findings from a national survey
| VerfasserInnen: | ; |
|---|---|
| Medienart: | Druck Aufsatz |
| Sprache: | Englisch |
| Veröffentlicht: |
1998
|
| In: |
Juvenile and family court journal
Jahr: 1998, Band: 49, Heft: 4, Seiten: 89-103 |
| Bestand in Tübingen: | In Tübingen vorhanden. IFK: 9072 |
| Verfügbarkeit prüfen: | HBZ Gateway |
| Schlagwörter: |
MARC
| LEADER | 00000caa a22000002c 4500 | ||
|---|---|---|---|
| 001 | 1639568212 | ||
| 003 | DE-627 | ||
| 005 | 20220608125439.0 | ||
| 007 | tu | ||
| 008 | 160223s1998 xx ||||| 00| ||eng c | ||
| 035 | |a (DE-627)1639568212 | ||
| 035 | |a (DE-576)455907218 | ||
| 035 | |a (DE-599)BSZ455907218 | ||
| 040 | |a DE-627 |b ger |c DE-627 |e rakwb | ||
| 041 | |a eng | ||
| 100 | 1 | |a Price, David A. |d 1961- |0 (DE-588)141311592 |0 (DE-627)626549175 |0 (DE-576)323275605 |4 aut | |
| 109 | |a Price, David A. 1961- |a Price, David Andrew 1961- |a Price, David 1961- | ||
| 245 | 1 | 0 | |a Challenges and opportunities. Findings from a national survey |c David A. Price, Craig Boersma |
| 264 | 1 | |c 1998 | |
| 336 | |a Text |b txt |2 rdacontent | ||
| 337 | |a ohne Hilfsmittel zu benutzen |b n |2 rdamedia | ||
| 338 | |a Band |b nc |2 rdacarrier | ||
| 700 | 1 | |a Boersma, Craig |4 aut | |
| 773 | 0 | 8 | |i In |t Juvenile and family court journal |d Reno, Nev. : Council, 1978 |g 49(1998), 4, Seite 89-103 |w (DE-627)166787388 |w (DE-600)306393-8 |w (DE-576)015230767 |x 0161-7109 |7 nnas |
| 773 | 1 | 8 | |g volume:49 |g year:1998 |g number:4 |g pages:89-103 |
| 935 | |a mkri | ||
| 951 | |a AR | ||
| ELC | |b 1 | ||
| LOK | |0 000 xxxxxcx a22 zn 4500 | ||
| LOK | |0 001 330031979X | ||
| LOK | |0 003 DE-627 | ||
| LOK | |0 004 1639568212 | ||
| LOK | |0 005 20160223095811 | ||
| LOK | |0 008 160208||||||||||||||||ger||||||| | ||
| LOK | |0 040 |a DE-21-110 |c DE-627 |d DE-21-110 | ||
| LOK | |0 689 |a s |a Jugendgerichtsbarkeit | ||
| LOK | |0 689 |a s |a Evaluation | ||
| LOK | |0 689 |a s |a Jugendgerichte | ||
| LOK | |0 852 |a DE-21-110 | ||
| LOK | |0 852 1 |c 9072 |m p |9 00 | ||
| LOK | |0 935 |a k110 | ||
| LOK | |0 938 |k p | ||
| LOK | |0 939 |a 08-02-16 |b l01 | ||
| ORI | |a SA-MARC-krimdoka001.raw | ||
| SIG | |a IFK: 9072 | ||
